Characters From 30 Rock Quiz Stats

 Plays Quiz Updated Jun 21, 2019

Score 0/26 Timer 08:00
0 Plays Today
Actor Character % Correct
Tina FeyElizabeth 'Liz' Lemon
98.5%
Tracy MorganTracy Jordan
97.9%
Alec BaldwinJohn Francis 'Jack' Donaghy
92.2%
Jack McBrayerKenneth Parcell
84%
Jane KrakowskiJenna Maroney
79.2%
Grizz Chapman'Grizz' Griswold
69.4%
Kevin Brown'Dot Com' Slattery
66%
John LutzJ. D. Lutz
63.2%
Judah FriedlanderFrank Rossitano
53.7%
Scott AdsitPete Hornberger
49.3%
Chris ParnellDr. Leo Spaceman
43.7%
Keith PowellJames 'Toofer' Spurlock
41.9%
Rip TornDon Geiss
41.3%
Actor Character % Correct
Katrina BowdenCerie Xerox
35.7%
Sherri ShepherdAngie Jordan
34%
Jason SudeikisFloyd
31.2%
Will ArnettDevon Banks
30.3%
Maulik PancholyJonathan
26.2%
Elaine StritchColleen Donaghy
26.2%
Edie FalcoCeleste 'C.C.' Cunningham
25.9%
Dean WintersDennis Duffy
23.7%
Marceline HugotKathy Geiss
22.7%
Lonny RossJosh Girard
21.2%
Emily MortimerPhoebe
14.3%
Isabella RosselliniBianca
12.3%
Paul ScheerDonny Lawson
8.2%

You're not logged in!

Compare scores with friends on all Sporcle quizzes.
OR
Log In

Sporcle TV

Today on Sporcle TV


Watch our educational content, quiz creation guides, and fun videos on Sporcle TV.

Show Comments

Extras

Top Quizzes Today


Score Distribution

Your Account Isn't Verified!

In order to create a playlist on Sporcle, you need to verify the email address you used during registration. Go to your Sporcle Settings to finish the process.

Report this User

Report this user for behavior that violates our Community Guidelines.

Details: